| 000 | 00533nam a2200169 i 4500 | ||
|---|---|---|---|
| 001 | 92825 | ||
| 003 | ES-MaACL | ||
| 005 | 20250806063128.0 | ||
| 007 | t| | ||
| 008 | 050328s1951 sp ||||1| spa d | ||
| 100 | 1 |
_aLizcano, Manuel, _d1921-2004 _972623 |
|
| 245 | 1 | 0 |
_aTrance de unidad _b: poema de la expectación cristiana de las bodas / _cManuel Lizcano. |
| 260 |
_aMadrid : _b(s.n.) ( _fIndustrias Gráficas, _g1951) |
||
| 300 |
_a58 p. ; _c24 cm. |
||
| 852 |
_aES-MaACL _j1929-F-1 _bR.21292 |
||
| 999 |
_c92825 _d92825 |
||